Statistiques concernant 2 ème tour 2022. Les 73 Départements ayant placé Macron en tete

Cliquez ici pour prendre le quiz!

Statistiques générales

  • Ce quiz a été pris 62 fois
  • Le résultat moyen est 46 sur 73

Statistiques - réponses

% des suffrages exprimésDépartement% Correct
85,10Paris
95%
56,64Loire
84%
73,72Seine Saint Denis
84%
67,50Finistère
81%
62,81Morbihan
79%
80,39Hauts de Seine
78%
52,08Bouches du rhone
74%
70,94Ille et vilaine
74%
52,85Nord
74%
68,66Rhone
74%
71,01Yvelines
74%
55,06Charente
72%
61,37Gironde
72%
61,66Haute Savoie
72%
57,62Savoie
72%
54,99Ain
71%
52,04Creuse
71%
57,57Loiret
71%
56,98Seine et Marne
71%
66,15Val d'oise
71%
62,90Cotes d'Armor
69%
65,43Essonne
69%
53,07Jura
69%
69,20Loire Atlantique
69%
53,81Loir et cher
69%
58,96Bas Rhin
67%
56,32Charente Maritime
67%
55,72Drome
67%
60,29Calvados
66%
52,90Haut Rhin
66%
59,80Isere
66%
56,54Landes
66%
52,56Cher
64%
55,78Corrèze
64%
63,05Pyrénées Atlantiques
64%
50,16Haute Loire
62%
74,47Val de Marne
62%
52,40Ardeche
60%
57,16Doubs
60%
64,42Haute Garonne
60%
55,06Hautes Alpes
60%
51,41Indre
60%
52,10Marne
60%
60,16Puy De Dome
60%
53,06Tarn
60%
60,12Vienne
60%
52,35Allier
59%
53,29Eure et loir
59%
59,18Haute Vienne
59%
62,66Indre et Loire
59%
50,46Moselle
59%
55,28Seine Maritime
59%
61,86Vendée
59%
64,21Mayenne
57%
50,13Alpes Maritimes
55%
59,18Lot
55%
54,42Meurthe et moselle
55%
51,47Territoire de Belfort
53%
55,66Gers
52%
55,50Hautes-Pyrenées
52%
52,57Herault
52%
66,53Maine et loire
52%
59,61Manche
52%
53,33Saone et Loire
52%
55,41Sarthe
52%
56,07Cantal
50%
57,27Cote d'or
50%
54,20Lozère
50%
55,11Orne
50%
51,07Ariege
48%
62,13Deux Sevres
48%
60,07Aveyron
47%
51,52Dordogne
43%

Distribution des résultats

Percentile par nombre de réponses

% des personnes avec chaque résultat

Votre développement - résultats

Vous n’avez pas pris ce quiz